000 01318nam a22003617a 4500
003 CHAP
005 20220329135449.0
008 971013s1977 mx r 00010 spa d
010 _a36920
011 _a37892
035 _a42012
040 _cCHAP
090 _aFolleto 4721
100 0 0 _aPardo Tejeda, Enrique.
_985499
245 1 _aBrosimum alicastrum (ramón, capomo, ojite, ojoche) : recurso silvestre tropical desaprovechado
260 _aXalapa, Ver. :
_bInstituto de Investigaciones sobre Recursos Bióticos,
_c1977
300 _a35 p.
500 _ac.4 en bodega
590 _aBATCH-UPD
_b10
_c20130109
_lUCH01
_h2320
590 _aBATCH-UPD
_b10
_c20130110
_lUCH01
_h1716
590 _aBATCH-UPD
_b10
_c20130410
_lUCH01
_h1101
590 _aBATCH-UPD
_b10
_c20130914
_lUCH01
_h0751
590 _aCONVERSION
_b10
_c20130109
_lUCH01
_h1321
650 1 4 _aÁrboles tropicales.
_982448
650 1 4 _aBrosimum alicastrum.
_915586
700 0 _aSánchez Muñoz, Cecilia.
_9107725
710 0 _aInstituto Nacional de Investigaciones sobre Recursos Bióticos. México.
_959363
901 _aBK
942 _cFOLL
949 _aFolleto 4721
_bBC
_cFOLL
_d-96518
_eTS1
_i42012
_mD
_si
949 _aFolleto 4721
_bBC
_cFOLL
_d-96519
_eTS2
_fc.2
_i42012
_mD
_si
949 _aFolleto 4721
_bBC
_cFOLL
_d-96520
_eTS2
_fc.3
_i42012
_mD
_si
999 _c36920
_d36920